000 00633nam a2200217 i 4500
001 C2-0255527
003 PPAK
005 20180727223157.0
008 040609s si |||| ||||| | may d
040 _aPPAK
_beng
_cPPAK
_erda
082 0 4 _a297.43
_223
090 0 0 _a297.43
_bNAZ
_dKAM
245 0 0 _aNazam Maulid Nabi S.A.W.
264 1 _aSingapura :
_bPersatuan Islam dan Pencak Silat Singapura (PERIPENSIS) ,
_c[date of publication not identified]
300 _a16 pages ;
_c28 cm
336 _2rdacontent
_atext
337 _2rdamedia
_aunmediated
338 _2rdacarrier
_avolume
650 1 0 _aIslamic hyms
942 _ddc
_cB
999 _c67884
_d67884